|
|
|
|
| LEADER |
01923nam a22004335i 4500 |
| 001 |
978-3-642-10889-1 |
| 003 |
DE-He213 |
| 005 |
20151030061122.0 |
| 007 |
cr nn 008mamaa |
| 008 |
110603s2011 gw | s |||| 0|ita d |
| 020 |
|
|
|a 9783642108891
|9 978-3-642-10889-1
|
| 024 |
7 |
|
|a 10.1007/978-3-642-10889-1
|2 doi
|
| 040 |
|
|
|d GrThAP
|
| 050 |
|
4 |
|a QA564-609
|
| 072 |
|
7 |
|a PBMW
|2 bicssc
|
| 072 |
|
7 |
|a MAT012010
|2 bisacsh
|
| 082 |
0 |
4 |
|a 516.35
|2 23
|
| 245 |
1 |
0 |
|a Teorema di Riemann-Roch e questioni connesse
|h [electronic resource] /
|c edited by F. Severi.
|
| 264 |
|
1 |
|a Berlin, Heidelberg :
|b Springer Berlin Heidelberg,
|c 2011.
|
| 300 |
|
|
|a 90 pagg. 1 figg.
|b online resource.
|
| 336 |
|
|
|a text
|b txt
|2 rdacontent
|
| 337 |
|
|
|a computer
|b c
|2 rdamedia
|
| 338 |
|
|
|a online resource
|b cr
|2 rdacarrier
|
| 347 |
|
|
|a text file
|b PDF
|2 rda
|
| 490 |
1 |
|
|a C.I.M.E. Summer Schools ;
|v 4
|
| 505 |
0 |
|
|a B.L. van der Waerden: Démonstration algébrique du théorème de Riemann-Roch -- F. Severi: Del teorema di Riemann-Roch per curve, superficie e varietà. Le origini storiche e lo stato attuale -- F. Hirzebruch: Arithmetic genera and the theorem of Riemann-Roch.
|
| 520 |
|
|
|a B.L. van der Waerden: Démonstration algébrique du théorème de Riemann-Roch.- F. Severi: Del teorema di Riemann-Roch per curve, superficie e varietà. Le origini storiche e lo stato attuale.- F. Hirzebruch: Arithmetic genera and the theorem of Riemann-Roch.
|
| 650 |
|
0 |
|a Mathematics.
|
| 650 |
|
0 |
|a Algebraic geometry.
|
| 650 |
1 |
4 |
|a Mathematics.
|
| 650 |
2 |
4 |
|a Algebraic Geometry.
|
| 700 |
1 |
|
|a Severi, F.
|e editor.
|
| 710 |
2 |
|
|a SpringerLink (Online service)
|
| 773 |
0 |
|
|t Springer eBooks
|
| 776 |
0 |
8 |
|i Printed edition:
|z 9783642108884
|
| 830 |
|
0 |
|a C.I.M.E. Summer Schools ;
|v 4
|
| 856 |
4 |
0 |
|u http://dx.doi.org/10.1007/978-3-642-10889-1
|z Full Text via HEAL-Link
|
| 912 |
|
|
|a ZDB-2-SMA
|
| 950 |
|
|
|a Mathematics and Statistics (Springer-11649)
|